000 00491pam a2200181 a 4500
020 _a0070355460 :
040 _cDLC
082 0 0 _a540 MCG 1990 A058 Or.
100 1 _aKroschwitz, Jacqueline I.
245 1 0 _aChemistry :
_bgeneral, organic, biological /
250 _a2nd ed.
260 _aNew York :
_bMcGraw-Hill,
_cc1990.
300 _axx, 916 p. :
_bill. ;
_c26 cm.
490 1 _aSchaum' outline series in science
650 0 _aChemistry.
700 1 _aWinokur, Melvin.
942 _cEK
999 _c13969
_d13969